Normal view
MARC view
- Medicine and psychology
Entry Topical Term
001 - CONTROL NUMBER
- control field: 2177
003 - CONTROL NUMBER IDENTIFIER
- control field: OSt
005 - DATE AND TIME OF LATEST TRANSACTION
- control field: 20170508111639.0
008 - FIXED-LENGTH DATA ELEMENTS
- fixed length control field: 170508|| aca||aabn | a|a d
040 ## - CATALOGING SOURCE
- Original cataloging agency: OSt
- Transcribing agency: OSt
150 ## - HEADING--TOPICAL TERM
- Topical term or geographic name entry element: Medicine and psychology
- General subdivision: Religious aspects
- General subdivision: Islam
670 ## - SOURCE DATA FOUND
- Source citation: Work cat.: (OSt)0: S.M. Hatta (Mohamed Hatta Shaharom) 2176, Perubatan psikologi Islam /, 1995

PORTAL AKMAL
E-MEL JKDM
AKMAL2U
G-BAM
u-PUSTAKA